Inside deaf culture

Αποθηκεύτηκε σε:
Λεπτομέρειες βιβλιογραφικής εγγραφής
Κύριος συγγραφέας: Padden, Carol
Άλλοι συγγραφείς: Humphries, Tom (Tom L.)
Μορφή: Βιβλίο
Γλώσσα:English
Δημοσίευση: Cambridge, Mass : Harvard University Press, 2005
Θέματα:
Ετικέτες: Προσθήκη ετικέτας
Δεν υπάρχουν, Καταχωρήστε ετικέτα πρώτοι!

MARC

LEADER 00000nam a2200000 i 4500
001 1/78163
008 080320s2005 eng d
020 |a 0-674-01506-1 
035 |l 10095663 
040 |a GR-MY-UA  |b gre  |e aacr 
041 0 |a eng 
082 0 |a 305.90820973  |2 (22) 
100 1 |a Padden, Carol. 
245 1 0 |a Inside deaf culture /  |c Carol Padden, Tom Humphries 
260 |a Cambridge, Mass :   |b Harvard University Press,   |c 2005 
300 |a 208 σ.;  |c 22 εκ. 
504 |a Βιβλιογραφία: σ. 183-195 
504 |a Ευρετήριο: σ. [201]-208 
650 0 0 |a Deaf  |z United States. 
650 0 0 |a American Sign Language. 
700 1 |a Humphries, Tom  |q (Tom L.) 
852 |a INST  |b LESVOS  |e 20080320  |h 305.90820973 PAD  |p 005100038731  |q 005100038731  |t BK  |y 0 
901 |a BIBL1-2008-1 
909 |a Λ  |b 143074 
922 |a 1ΕΛΗ  |b 200712  |c ΕΠΕΑΕΚ2/ΤΚΑ  |d ΠΑΠΑΣΩΤΗΡΙΟΥ 
970 |a ΓΙΑΛΑΜΑ  |b ΜΑΡΙΑ  |z 2008/03/20